ბათუმის შოთა რუსთაველის სახელმწიფო უნივერსიტეტის ბიბლიოთეკა

Процессы и аппараты химической промышленности. (ბიბ.ჩანაწერი № 36987)

000 -LEADER
fixed length control field 00787nam a2200229Ia 4500
001 - CONTROL NUMBER
control field 2939
003 - CONTROL NUMBER IDENTIFIER
control field GE_BSU
008 - FIXED-LENGTH DATA ELEMENTS--GENERAL INFORMATION
fixed length control field 181216s||||||||xx |||||||||||||| ||und||
020 ## - INTERNATIONAL STANDARD BOOK NUMBER
International Standard Book Number 5724500205
040 ## - CATALOGING SOURCE
Transcribing agency GE_BSU
080 ## - UNIVERSAL DECIMAL CLASSIFICATION NUMBER
Universal Decimal Classification number 66.02(075.32)
100 ## - MAIN ENTRY--PERSONAL NAME
Personal name Романков,П.Г. Курочкина,М.И. Мозжерии.Ю.Я.
245 ## - TITLE STATEMENT
Title Процессы и аппараты химической промышленности.
245 ## - TITLE STATEMENT
Remainder of title Учебник для техникумов.
245 ## - TITLE STATEMENT
Statement of responsibility, etc. Под общей ред. П.Г.Романкова.
260 ## - PUBLICATION, DISTRIBUTION, ETC.
Place of publication, distribution, etc. Л.
260 ## - PUBLICATION, DISTRIBUTION, ETC.
Name of publisher, distributor, etc. Химия.
260 ## - PUBLICATION, DISTRIBUTION, ETC.
Date of publication, distribution, etc. 1989.
300 ## - PHYSICAL DESCRIPTION
Extent 560 стр. с илл. 22 см.
653 ## - INDEX TERM--UNCONTROLLED
Uncontrolled term Процессы и аппараты химической промышленности.
942 ## - ADDED ENTRY ELEMENTS (KOHA)
Koha item type წიგნი
ეგზემპლარები
Withdrawn status Lost status Damaged status Not for loan Date acquired Barcode Date last seen Price effective from Koha item type
        2018-12-17 9599 2018-12-17 2018-12-17 წიგნი